| 000 | 00914nam a22002895a 4500 | ||
|---|---|---|---|
| 001 | 11941923 | ||
| 005 | 20151031133513.0 | ||
| 008 | 140227t2012 nyua fr 001 0 eng d | ||
| 020 | _a9780071829489 | ||
| 020 | _a0071829482 | ||
| 040 |
_aEG-ScBUE _beng _dEG-ScBUE _dEG-ScBUE |
||
| 082 | 0 | 4 |
_a629.83 _bDIS _222 |
| 100 | 1 |
_aDiStefano, Joseph J., _cIII. _934979 |
|
| 245 | 1 | 0 |
_aFeedback and control systems / _cJoseph J. DiStephano, Allen J. Stubberud, Ivan J. Williams. |
| 250 | _a2nd ed. | ||
| 260 |
_aNew York : _bMcGraw-Hill Education, _cc.2012. |
||
| 300 |
_a512 : _bill. ; _c28 cm. |
||
| 490 | 0 | _aSchaum's outline series | |
| 500 | _aIndex : p. 507-512. | ||
| 650 | 0 |
_aFeedback control systems. _2BUEsh |
|
| 650 | 0 |
_aControl theory. _2BUEsh |
|
| 651 | _2BUEsh | ||
| 653 |
_bENGGEN _cJune2015 _cOctober2015 |
||
| 700 | 1 |
_aStubberud, Allen R. _919129 |
|
| 700 | 1 |
_aWilliams, Ivan J. _919130 |
|
| 942 | _2ddc | ||
| 999 |
_c19899 _d19871 |
||